000 01335nam2a2200253 i 4500
001 RU\NLR\BIBL_A\010209058
005 20240728202841.0
010 _a9785904630119
_91000
021 _aRU
_b2014-1390
_985
035 _a(NLR Aleph) 010209058
090 _a10266495
_c10266495
100 _a20140312d2013 um y0rusy50 ca
101 0 _arus
102 _aRU
105 _ac|||w|||000yy
200 0 _aТ. 1, гл. 1-8
210 _d2013
215 _a735 с.
_cпортр.
320 _aБиблиогр. в подстроч. примеч.
461 0 _1001RU\NLR\BIBL_A\010299398
_12000#$aКомментарий к посланию Святого апостола Павла к римлянам$eдля назидания в вере и благочестии$fКарл Улоф Росениус$gпер. со швед. В.Ю. Володина$vТ. 1, гл. 1-8
_1700#1$3RU\NLR\auth\7712704$aРосениус$bК. У.$f1816-1868
_910585860
_aРосениус, К.У. (1816-1868)
_cСанкт-Петербург
_d2013
_fКарл Улоф Росениус
_nСветоч
_oдля назидания в вере и благочестии
_tКомментарий к посланию Святого апостола Павла к римлянам
_vТ. 1, гл. 1-8
942 _cBOOK
980 _aNBR